000 00798cam a2200205 4500
001 WB3532-05
008 000000n1999 000 0 eng u
035 _a(Sirsi) u102539
245 _aHome Office HQ goes £60m over budget.
260 _c1999
490 _aContract Journal
_v400(6239) 18 August 1999, 1(1)
520 _aThe Home Officeαs decision to build a new headquarters building rather than to refurbish its existing Queen Anneαs building could cost an extra £160m in total. The Home Office is currently negotiating the terms of a break option with its landlord Land Securities.
650 _aPFI
650 _aPRIVATE FINANCE INITIATIVE
650 _aHOME OFFICE
650 _aBREAK OPTIONS
650 _aCONSTRUCTION PROJECTS
690 _aBUILT ENVIRONMENT
942 _n0
999 _c61545
_d61545